000 00877nam a22002537a 4500
003 DO-SdBNP
005 20230301103448.0
007 ta
008 201127b 2013 dr 00| 0 eng d
020 _a9789993462958
040 _aDO-SdBNP
_bspa
_cBNPHU
082 4 _222
100 1 _aZapata, César
_977458
245 1 0 _aSala de espera :
_btextos reunidos /
_cCésar Augusto Zapata.
260 _aSanto Domingo :
_bUniversitaria-UASD,
_c2013.
300 _a251 p. ;
_c22 cm.
490 1 _aPublicaciones de la Universidad Autónoma de Santo Domingo ;
_v1381
490 1 _aLiteratura y sociedad
_v82
500 _aIncluye datos biográficos del autor en la solapa de la cubierta.
590 _aInventariado, 2020 /LP
830 0 _aPublicaciones de la Universidad Autónoma de Santo Domingo ;
_n1381
_977459
830 0 _aLiteratura y sociedad
_n82
_983153
942 _2ddc
_cLBS1
999 _c49218
_d49218